Statistiken für Städte mit mehreren Fußballclubs

Klicken Sie hier um das Quiz zu spielen!

Allgemein

  • Dieses Quiz wurde 2.679 mal gespielt
  • Das Durchschnittsergebnis liegt bei 14 aus 24

Antwortstatistiken

VereineStadt% Korrekt
Rapid, AustriaWien
98%
Hertha, UnionBerlin
97%
Spartak, ZSKAMoskau
96%
Rangers, CelticGlasgow
95%
Beşiktaş, BaşakşehirIstanbul
93%
Roter Stern, PartisanBelgrad
91%
Sparta, FeyenoordRotterdam
87%
Slavia, BohemiansPrag
86%
Chievo, HellasVerona
74%
River Plate, Boca JuniorsBuenos Aires
70%
Flamengo, BotafogoRio de Janeiro
66%
APOEL, OmoniaNikosia
63%
Aris, PAOKThessaloniki
62%
Ujpest, FerencvarosBudapest
61%
Wisła, CracoviaKrakau
51%
United, WednesdaySheffield
51%
Djurgården, HammarbyStockholm
38%
Kaizer Chiefs, Orlando PiratesJohannesburg
31%
Valur, FylkirReykjavik
28%
Universidad Católica, Colo-ColoSantiago
22%
Jeunesse, FolaEsch
14%
Pjunik, AraratJerewan
13%
Crusaders, GlentoranBelfast
12%
Lokomotive, BotewPlowdiw
11%

Verteilung der Resultate

Perzentil nach korrekt beantworteten Fragen

Anzahl Personen mit jedem Resultat

Ihre Resultats-Entwicklung

Sie haben dieses Quiz noch nicht gespielt